Quick Pick: Champion Coaches (NCAAM) Quiz Stats

 Plays Quiz Updated Jun 27, 2017

Support Sporcle.
Go Orange.
Score 0/10 Timer 01:00
1 Play Today
% Correct
Krzyzewski, Mike
92.5%
Boeheim, Jim
89.4%
Wooden, John
85.5%
Donovan, Billy
84.9%
Valvano, Jim
79.7%
Smith, Tubby
73.1%
Tarkanian, Jerry
71.2%
Fisher, Steve
62%
Williams, Gary
58.6%
Richardson, Nolan
56.6%

Today's Daily Dose

You're not logged in!

Compare scores with friends on all Sporcle quizzes.
OR
Log In
Forgot?

From the Vault

TV Shows Named After Characters

by DesertSpartan

Don't let them get too cocky, but these characters really stole the show.
Remove Ads.
Support Sporcle.
Get the best of Sporcle when you Go Orange. This ad-free experience offers more features, more stats, and more fun while also helping to support Sporcle. Thank you for becoming a member.

Show Comments

Extras

Top Quizzes Today


Score Distribution

Your Account Isn't Verified!

In order to create a playlist on Sporcle, you need to verify the email address you used during registration. Go to your Sporcle Settings to finish the process.

Report this User

Report this user for behavior that violates our Community Guidelines.

Details: